|
|
|
|
| LEADER |
00000njm a2200000 4500 |
| 001 |
vtls011997595 |
| 003 |
SK-MaSNL |
| 005 |
20260426020428.0 |
| 007 |
sd cszc p |
| 008 |
201013s1983 xo ppz g 0 0 slo |
| 028 |
0 |
1 |
|a 9143 0597
|b Opus
|
| 028 |
1 |
3 |
|a OH 4064/A A
|b Opus
|
| 028 |
1 |
3 |
|a OH 4065/A A
|b Opus
|
| 040 |
|
|
|a SNK
|b slo
|c SNK
|e rda
|
| 041 |
0 |
|
|a slo
|
| 043 |
|
|
|a e-xo---
|
| 044 |
|
|
|a xo
|c SK
|
| 072 |
|
7 |
|a 78.011.26
|x Populárna hudba. Populárne piesne. Populárna tanečná hudba
|2 konspekt
|
| 080 |
|
|
|a 78.03.011.26
|2 2011
|
| 080 |
|
|
|a (437.611)
|2 2011
|
| 080 |
|
|
|a (086.72)
|2 2011
|
| 110 |
2 |
|
|a Zajace (hudobná skupina)
|4 aut
|4 prf
|9 35436
|
| 245 |
0 |
0 |
|a Bratislavská lýra '83
|c hrá a spieva skupina Za-ja-ce a Tys '80
|
| 264 |
|
1 |
|a [Bratislava]
|b Opus
|c [1983]
|
| 264 |
|
4 |
|c Ⓟ1983
|
| 300 |
|
|
|a 1 gramofónová platňa
|c 18 cm
|
| 336 |
|
|
|a hraná hudba
|b prm
|2 rdacontent
|
| 337 |
|
|
|a audio
|b s
|2 rdamedia
|
| 338 |
|
|
|a iný
|b z
|2 rdacarrier
|
| 340 |
|
|
|a vinyl
|a rda
|
| 344 |
|
|
|a analog
|c 45 ot/min
|g stereo
|2 rda
|
| 500 |
|
|
|a Platňa obsahuje 2 piesne
|
| 500 |
|
|
|a Názov prevzatý z obalu
|
| 500 |
|
|
|a Miesto vydania podľa vydavateľa
|
| 500 |
|
|
|a Nahrávky sú z produkcie Čs. rozhlasu v Bratislave
|
| 611 |
2 |
7 |
|a Bratislavská lýra
|d (1983 :
|c Bratislava, Slovensko)
|2 snkbucl
|9 441124
|
| 650 |
0 |
7 |
|a populárna hudba
|2 SNKPH
|9 3428
|
| 650 |
0 |
7 |
|a Popular music
|2 SNKPHeng
|9 90436
|
| 651 |
|
7 |
|a Bratislava (Slovensko)
|2 SNKPHgeo
|9 14568
|
| 651 |
|
7 |
|a Bratislava (Slovakia)
|2 SNKPHeng
|9 171234
|
| 655 |
|
7 |
|a gramofónové platne
|2 SNKPH
|9 74608
|
| 655 |
|
7 |
|a Gramophone records
|2 SNKPHeng
|9 286457
|
| 700 |
1 |
|
|a Zajáček, Pavel,
|d 1951-
|4 cmp
|9 13684
|
| 700 |
1 |
|
|a Brhlovič, Peter,
|d 1948-2024
|4 lyr
|9 207404
|
| 700 |
1 |
|
|a Hammel, Pavol,
|d 1948-
|4 cmp
|9 98858
|
| 700 |
1 |
|
|a Filan, Boris,
|d 1949-
|4 lyr
|9 92607
|
| 710 |
2 |
|
|a Tys '80 (hudobná skupina)
|4 prf
|4 sng
|9 765312
|
| 740 |
0 |
2 |
|a Na dvanástom poschodí
|h zvukový dokumnet
|
| 740 |
0 |
2 |
|a Najlepších zo všetkých svetov
|h zvukový dokumnet
|
| 999 |
|
|
|c 1211213
|d 1213143
|
| 952 |
|
|
|a SNK
|b SNK
|y PREZ
|7 0
|p 17A1419288
|o snkST 508
|i snk?
|0 0
|1 0
|4 0
|d 2020-10-13
|l 0
|r 2026-02-24 23:12:50
|w 2026-02-24
|
| 952 |
|
|
|a SNKMST
|b SNKMST
|y PREZ
|7 0
|p 17A1419289
|o snkST 508 D1
|i snk10263/83
|0 0
|1 0
|4 0
|d 2020-10-13
|l 0
|r 2026-02-24 23:12:50
|w 2026-02-24
|